| 000 | 00934pam a2200277 a 4500 | ||
|---|---|---|---|
| 001 | 2865 | ||
| 005 | 20260327120952.0 | ||
| 020 | _a0590446762 | ||
| 040 |
_aDLC _cDLC _dDLC _beng |
||
| 050 | 0 | 0 | _aPZ7.C12 |
| 082 | 0 | 0 | _a511 |
| 100 | 1 |
_aCaines, Jeannette _dapproximately 1937- |
|
| 245 | 1 | 0 |
_aJust us women / _cby Jeannette Caines ; illustrated by Pat Cummings. |
| 250 | _aFirst Scholastic printing , April 1991 | ||
| 260 |
_aNew York : _bScholastic . _c1982 |
||
| 300 |
_a32 pages : _bcolor illustrations ; _c21 cm. |
||
| 505 | _aK | ||
| 520 | _aA young girl and her favorite aunt share the excitement of planning a very special car trip for just the two of them. | ||
| 521 |
_a520
_bLexile |
||
| 521 |
_aK
_bRaz-Plus |
||
| 650 | 1 |
_aVoyages and travels _xFiction. |
|
| 650 | 1 |
_aAunts _xFiction. |
|
| 700 | 1 |
_aCummings, Pat _eillustrator |
|
| 906 |
_a7 _bcbc _corignew _d1 _eocip _f19 _gy-gencatlg |
||
| 942 |
_2ddc _cBK _n0 |
||
| 999 |
_c2865 _d2865 |
||